Rızvan Şah ile Ruh-Afza hikayesi / (Record no. 15666)

MARC details
000 -BAŞLIK
Sabit Uzunlukta Kontrol Alanı 00878nam a22002537a 4500
999 ## - SİSTEM KONTROL NUMARALARI (KOHA)
Koha Biblionumber 15666
Koha Biblioitemnumber 15666
003 - KONTROL NUMARASI IDENTIFIER
Denetim Alanı MIRAKIL
005 - SON İŞLEM TARİHİ VE ZAMANI
Denetim Alanı 20240318150527.0
008 - SABİT-BOY VERİ ELEMANLARI - GENEL BİLGİLER
Sabit Uzunlukta Kontrol Alanı 240318b tu ||||| |||| 00| 0 tur d
020 ## - ULUSLARARASI STANDART KİTAP NUMARASI
Uluslararası Standart Kitap Numarası 9789751620323
040 ## - KATALOGLAMA KAYNAK
Orijinal Kataloglama Ajansı TR-AnCHP
Metne Dönüştürmek Ajansı TR-AnCHP
041 ## - DİL KODU
Metin / Ses Parça Veya Ayrı Başlığın Dil Kodu tur
082 ## - DEWEY ONLU SINIFLANDIRMA NUMARASI
Sınıflandırma Numarası 398.2
Ürün Numarası K29u 2014
100 ## - ANA GİRİŞ - KİŞİSEL İSİM
Kişisel Ad Kaya, Ceval
245 10 - BAŞLIK TABLOSU
Başlık Rızvan Şah ile Ruh-Afza hikayesi /
Sorumluluk Tablosu, Vb Ceval Kaya.
246 ## - UNVAN FORM VARYING
Başlık Doğru / Kısa Başlığı Uygur harfli
Ekran Metni Eseradı başında:
250 ## - EDITION TABLOSU
Baskı Beyanı 2. bsk.
260 ## - YAYIN, DAĞITIM, VB
Yayın, Dağıtım, Vb Yeri Ankara :
Yayıncı, Dağıtıcı, Vs Adı Atatürk Kültür, Dil ve Tarih Yüksek Kurumu Türk Dil Kurumu ,
Yayın, Dağıtım, Vb Tarihi 2008.
300 ## - FİZİKSEL TANIM
Kapsam 216 s. :
Diğer Fiziksel Ayrıntıları fotog. ;
Boyutlar 24 cm.
490 0# - SERİSİ TABLOSU
Seri Beyanı Atatürk Kültür, Dil ve Tarih Yüksek Kurumu Türk Dil Kurumu yayınları ;
Hacim / Ardışık Tanımı 930
500 ## - GENEL NOT
Genel Not Dizin vardır<br/>
650 #0 - KONU KATMA GİRİŞ - TOPİKAL DÖNEM
9 (RLIN) 6003
Topikal Süreli Veya Coğrafi Ad Giriş Elemanı Halk edebiyatı
856 ## - ELEKTRONİK YER VE ERİŞİM
Kamu Notu Dijital Nüshası için Partimizin Kütüphane Sorumlusu ile iletişime geçiniz.
942 ## - EKLENDİ GİRİŞ ELEMANLARI (KOHA)
Sınıflandırma Veya Raf Düzeni Kaynak Dewey Decimal Classification
Koha Öğesi Türü Books
Holdings
Kalıcı Konum Mevcut Konum Edinme Tarihi Toplam Check-Out'Lar Tam Çağrı Numarası Barkod Tarih Son Görülme İtibaren Geçerli Fiyatlar Koha Öğesi Türü
CHP Kütüphanesi CHP Kütüphanesi 03/18/2024   398.2 K29u 2014 21579 03/18/2024 03/18/2024 Books